00618nam a2200193 a 450000100060000000300090000600800410001502000150005604000280007108200150009910000600011424500650017426000470023930000110028649000320029765000300032965000330035965000320039217684CO-ViMGA141112s2004 ck r 000 u spa d a8472901580 aCO-ViMGAbspacCO-ViMGA04a324.3 A8131 aAubet, María Jose; Tremosa, Laura; Carrasco, Cristina10aMujer y ciudadania . Del derecho al voto....al pleno derecho aBarcelona (España), cBellaterra, c2001 a121.p. aLa biblioteca del ciudadano14aMUJERES - SITUACION LEGAL14aSUFRAGIO FEMENINO - HISTORIA14aVOTO DE LA MUJER - HISTORIA